000
00225nam a22000857a 4500
008
161214b xxu||||| |||| 00| 0 eng d
100
_9
2055
_a
National Book Trust
245
_a
Nehru and Azad on 1857
260
_a
New Delhi
_b
NBT
_c
2008
999
_c
4926
_d
4926